Estatísticas para As Maiores Cidades no Interior do Brasil

Clique aqui para jogar o quiz

Estatísticas Gerais

  • Esse quiz foi jogado 348 vezes
  • A pontuação média é 12 de 20

Estatísticas das Respostas

EstadoPopulaçãoCidade% Correto
São Paulo1.204.073Campinas
94%
Minas Gerais691.305Uberlândia
78%
Paraná569.733Londrina
76%
São Paulo721.944São José dos Campos
74%
São Paulo703.293Ribeirão Preto
73%
Santa Catarina590.466Joinville
71%
Bahia614.872Feira de Santana
70%
Rio Grande do Sul510.906Caxias do Sul
69%
Paraná423.666Maringá
66%
Minas Gerais568.873Juiz de Fora
62%
São Paulo679.378Sorocaba
62%
Paraíba409.731Campina Grande
60%
Goiás386.923Anápolis
53%
Rio de Janeiro507.548Campos dos Goytacazes
49%
São Paulo376.818Bauru
48%
Pernambuco361.118Caruaru
45%
Minas Gerais409.341Montes Claros
44%
São Paulo460.671São José do Rio Preto
43%
São Paulo418.962Jundiaí
41%
São Paulo404.142Piracicaba
39%

Distribuição das Pontuações

Percentil de Números Respondidos

Porcentagem de Pessoas com Cada Pontuação

Sua Pontuação Histórica

Você não jogou esse quiz